Archivos de cardiología y hematología / (Record no. 273)

MARC details
000 -LEADER
campo de control de longitud fija 00760nas a2200265 i 4500
001 - NÚMERO DE CONTROL
campo de control 273
003 - IDENTIFICADOR DE NÚMERO DE CONTROL
campo de control ES-MaACL
005 - FECHA Y HORA DE LA ÚLTIMA TRANSACCIÓN
campo de control 20250217133713.0
007 - CAMPO FIJO DE DESCRIPCIÓN FÍSICA--INFORMACIÓN GENERAL
campo de control de longitud fija t|
008 - DATOS DE LONGITUD FIJA--INFORMACIÓN GENERAL
campo de control de longitud fija 950801d19201936sp e| | 1 ||pa d
022 ## - NÚMERO INTERNACIONAL NORMALIZADO PARA PUBLICACIONES SERIADAS
Número Internacional Normalizado para Publicaciones Seriadas 0213-3822
080 ## - NÚMERO DE LA CLASIFICACIÓN DECIMAL UNIVERSAL
Número de la Clasificación Decimal Universal 460
080 ## - NÚMERO DE LA CLASIFICACIÓN DECIMAL UNIVERSAL
Número de la Clasificación Decimal Universal 61
245 00 - MENCIÓN DEL TÍTULO
Título Archivos de cardiología y hematología /
Mención de responsabilidad, etc. edit. G. Pittaluga y L. Galandre.
260 ## - PUBLICACIÓN, DISTRIBUCIÓN, ETC.
Lugar de publicación, distribución, etc. Madrid :
Nombre del editor, distribuidor, etc. Imp. Jiménez y Molina,
Fecha de publicación, distribución, etc. 1920-1936.
300 ## - DESCRIPCIÓN FÍSICA
Extensión 16 v. :
Otras características físicas grab. ;
Dimensiones 24 cm.
310 ## - PERIODICIDAD ACTUAL
Periodicidad actual Bimensual
362 1# - FECHAS DE PUBLICACIÓN Y/O DESIGNACIÓN SECUENCIAL
Fecha de publicación y/o designación secuencial V. I (1920)-1936.
650 14 - PUNTO DE ACCESO ADICIONAL DE MATERIA--TÉRMINO DE MATERIA
Término de materia o nombre geográfico como elemento de entrada Patología.
9 (RLIN) 15884
700 1# - ENTRADA AGREGADA--NOMBRE PERSONAL
Nombre de persona Pittaluga, Gustavo,
Fechas asociadas al nombre 1876-1956
9 (RLIN) 155591
700 1# - ENTRADA AGREGADA--NOMBRE PERSONAL
Nombre de persona Galandre, L,
Término indicativo de función/relación
9 (RLIN) 226803
852 ## - LOCALIZACIÓN
Ubicación ES-MaACL
Número de control de estantería HEM-H-31
Encuadernación hem-1090
Signatura antigua
866 #0 - MENCIÓN TEXTUAL DE FONDOS--UNIDAD BIBLIOGRÁFICA BÁSICA
Fondos 1920-35(1936).
Holdings
Estatus retirado Estado de pérdida Estado de daño No para préstamo Colección Biblioteca de origen Biblioteca actual Ubicación en estantería Fecha de adquisición Fuente de adquisición Total de préstamos Signatura topográfica completa Código de barras Visto por última vez Precio de reemplazo Tipo de ítem Koha
        Periódicos y Revistas Biblioteca del Ateneo de Madrid Biblioteca del Ateneo de Madrid Hemeroteca 17/01/2008     HEM-H-31 1000275 23/02/2023 23/02/2023 Revista